[Event "IX Êóáîê Ãóáåðíàòîðà ÕÌÀÎ-Þãðû òóðíèð À"]
[Site "Õàíòû-Ìàíñèéñê, Russia"]
[Date "2013.12.02"]
[Round "5"]
[White "Àðòåìüåâ Âëàäèñëàâ"]
[Black "Âîëêîâ Ñåðãåé"]
[Result "1-0"]
[WhiteElo "2570"]
[BlackElo "2615"]
[Annotator ""]
[Source ""]
[Remark ""]

1.c4 e5 2.Nc3 Bb4 3.Qb3 Be7 4.g3 d6 5.Bg2 Nd7 6.Nf3 f5 7.O-O
e4 8.Nd4 Nc5 9.Qd1 Bf6 10.Nb3 Ne7 11.d3 exd3 12.exd3 O-O 13.d4
Nxb3 14.axb3 c6 15.Re1 a6 16.b4 Rb8 17.d5 Kh8 18.c5 dxc5 19.d6
Ng6 20.bxc5 b6 21.Na4 bxc5 22.Nxc5 Rb5 23.Be3 f4 24.gxf4 Bf5
25.Bxc6 Rxb2 26.Qd5 Bh4 27.d7 Ne7 28.Qf3 Nxc6 29.Qxc6 Rb6 30.Qd5
Rg6+ 31.Kh1 Bh3 32.Rg1 Rd6 33.Qb7 Bxd7 34.Nxd7 Rxd7 35.Qxa6 Bf6
36.Rac1 h6 37.Qc6 Qa8 38.Kg2 Kh7 39.Rc4 Qxc6+ 40.Rxc6 Rff7 41.Rb1
Rb7 42.Rbc1 Bd8 43.Rc8 Bc7 44.Rc4 Bd6 45.Rd4 Bc7 46.Ra8 Rb8 47.Ra7
Rbf8 48.Raa4 Rf5 49.Kf3 R8f7 50.Rac4 Kg6 51.Kg4 Kh7 52.Rb4 Kg6
53.Rb7 Kh7 54.Bd2 R5f6 55.Rd5 Bb6 56.Rxf7 Rxf7 57.Be3 Bc7 58.h4
Kg8 59.f5 Rf8 60.Rc5 Bd8 61.Bf4 Bf6 62.Bd6 Rd8 63.Rc6 Re8 64.h5
Re1 65.f4 Rh1 66.Rc8+ Kh7 67.Be5 Rh4+ 68.Kf3 Rxh5 69.Ke4 Rh1
70.Kd5 Rd1+ 71.Ke6 Rd8 72.Rxd8 Bxd8 73.Kf7 h5 74.Bxg7 h4 75.Bd4
h3 76.Bg1 Bb6 77.Bh2 Bd4 78.f6 Kh6 79.Ke7 Kg6 80.f7 Bc5+ 81.Ke8
Kg7 82.Bg3 Ba3 83.Bh4 h2 84.Be7 Bxe7 85.Kxe7 h1Q 86.f8Q+ Kh7
87.Qf5+ Kg7 88.Qg5+ Kh8 89.Qf6+ Kh7 90.Kf7 Qd5+ 91.Qe6 Qb7+ 92.Qe7 1-0

[Event "IX Êóáîê Ãóáåðíàòîðà ÕÌÀÎ-Þãðû òóðíèð À"]
[Site "Õàíòû-Ìàíñèéñê, Russia"]
[Date "2013.12.02"]
[Round "5"]
[White "Ïîíêðàòîâ Ïàâåë"]
[Black "Ïîòàïîâ Ïàâåë"]
[Result "1-0"]
[WhiteElo "2603"]
[BlackElo "2468"]
[Annotator ""]
[Source ""]
[Remark ""]

1.e4 c5 2.Nf3 e6 3.d4 cxd4 4.Nxd4 a6 5.g3 Qc7 6.Bg2 Nc6 7.Nc3
Be7 8.O-O d6 9.Re1 Bd7 10.g4 Nxd4 11.Qxd4 Bc6 12.Nd5 Bxd5 13.exd5
e5 14.Qa4+ b5 15.Qb3 Nf6 16.a4 Rb8 17.axb5 axb5 18.g5 Nd7 19.Re4
f5 20.gxf6 Nxf6 21.Rb4 O-O 22.Be3 Rb7 23.Bh3 Kh8 24.c4 Ne4 25.cxb5
Ng5 26.Bg4 e4 27.b6 Qb8 28.Qa4 Nf3+ 29.Bxf3 exf3 30.Qc6 Bd8 31.Rf4
Bf6 32.Rxf3 Rc8 33.Rf4 h6 34.Rfa4 Rxc6 35.dxc6 Rxb6 36.Ra8 Kh7
37.Rxb8 Rxb8 38.c7 Rc8 39.Ra7 Bxb2 40.Rb7 Be5 41.f4 Bc3 42.Bb6
d5 43.Kf1 1-0

[Event "IX Êóáîê Ãóáåðíàòîðà ÕÌÀÎ-Þãðû òóðíèð À"]
[Site "Õàíòû-Ìàíñèéñê, Russia"]
[Date "2013.12.02"]
[Round "5"]
[White "Êàáàíîâ Íèêîëàé"]
[Black "Áî÷àðîâ Äìèòðèé"]
[Result "1-0"]
[WhiteElo "2477"]
[BlackElo "2602"]
[Annotator ""]
[Source ""]
[Remark ""]

1.e4 c5 2.Nf3 Nc6 3.Bb5 e6 4.O-O Nge7 5.d4 cxd4 6.Nxd4 Nxd4 7.Qxd4
a6 8.Be2 Nc6 9.Qc3 b5 10.Bf4 Bb7 11.Rd1 Rc8 12.Qg3 Be7 13.a4
b4 14.Nd2 O-O 15.Nc4 f5 16.e5 Bh4 17.Qd3 Rc7 18.Be3 Ne7 19.Bb6
Nd5 20.Bxc7 Qxc7 21.Bf3 f4 22.Nd6 Ba8 23.c4 bxc3 24.bxc3 a5 25.c4
Nb4 26.Qe2 Bxf3 27.Qxf3 Qc5 28.Rd2 Qxe5 29.Rad1 Be7 30.Nb5 Rd8
31.Re2 Qf5 32.Re4 e5 33.g3 Bc5 34.gxf4 Rf8 35.Re2 exf4 36.Kh1
h6 37.Red2 Rf7 38.Nd6 Bxd6 39.Rxd6 Kh8 40.Re1 Rf8 41.Qe4 Qh3
42.Rg1 Nc6 43.Rdg6 Qc3 44.Qg2 Rf7 45.Rxh6+ Kg8 46.Qe4 Nd8 47.Qe8+
Rf8 48.Rh8+ Kxh8 49.Qxf8+ Kh7 50.Qxf4 Ne6 51.Qf5+ Kg8 52.Rb1 1-0

[Event "IX Êóáîê Ãóáåðíàòîðà ÕÌÀÎ-Þãðû òóðíèð À"]
[Site "Õàíòû-Ìàíñèéñê, Russia"]
[Date "2013.12.02"]
[Round "5"]
[White "Ìàëåòèí Ïàâåë"]
[Black "Äâîéðèñ Ñåìåí"]
[Result "1/2-1/2"]
[WhiteElo "2598"]
[BlackElo "2562"]
[Annotator ""]
[Source ""]
[Remark ""]

1.c4 e5 2.g3 Nc6 3.Nc3 g6 4.Bg2 Bg7 5.e3 Nge7 6.Nge2 O-O 7.O-O
d6 8.d3 Bd7 9.Nd5 Nxd5 10.cxd5 Ne7 11.d4 c6 12.dxc6 Bxc6 13.d5
Bb5 14.Re1 f5 15.Qb3 Qb6 16.Nc3 Bd3 17.Qxb6 axb6 18.e4 fxe4 19.Bg5
Nf5 20.Bxe4 Bxe4 21.Rxe4 Rfc8 22.Be3 Nd4 23.Kg2 b5 24.Bxd4 exd4
25.Nxb5 Rc5 26.Nxd6 Rxd5 27.Nc4 Rc5 28.b3 b5 29.Nd2 Rc2 30.Nf3
d3 31.Rd1 Raxa2 32.Rxd3 Rxf2+ 33.Kh3 Bf8 34.Rf4 Be7 35.Re4 Bf8
36.Rf4 Be7 37.Re4 Bf8 38.Rf4 Be7 39.Re4 Bf8 40.Rf4 Be7 1/2-1/2

[Event "IX Êóáîê Ãóáåðíàòîðà ÕÌÀÎ-Þãðû òóðíèð À"]
[Site "Õàíòû-Ìàíñèéñê, Russia"]
[Date "2013.12.02"]
[Round "5"]
[White "Ñàâ÷åíêî Áîðèñ"]
[Black "Øèíêåâè÷ Âèòàëèé"]
[Result "0-1"]
[WhiteElo "2602"]
[BlackElo "2468"]
[Annotator ""]
[Source ""]
[Remark ""]

1.e4 c5 2.Nf3 d6 3.d4 cxd4 4.Nxd4 Nf6 5.Nc3 g6 6.f3 Bg7 7.Be3
Nc6 8.Qd2 O-O 9.Bc4 Bd7 10.h4 h5 11.Nxc6 Bxc6 12.O-O-O Rc8 13.g4
Bxe4 14.Nxe4 Nxe4 15.fxe4 Rxc4 16.gxh5 Qd7 17.Kb1 Rfc8 18.c3
Qe6 19.hxg6 Qxe4+ 20.Ka1 Rxc3 21.gxf7+ Kxf7 22.Qf2+ Ke8 23.Bc1
Qxh1 0-1

[Event "IX Êóáîê Ãóáåðíàòîðà ÕÌÀÎ-Þãðû òóðíèð À"]
[Site "Õàíòû-Ìàíñèéñê, Russia"]
[Date "2013.12.02"]
[Round "5"]
[White "Àëåêñàíäðîâ Àëåêñåé"]
[Black "Îíèùóê Âëàäèìèð"]
[Result "1/2-1/2"]
[WhiteElo "2586"]
[BlackElo "2591"]
[Annotator ""]
[Source ""]
[Remark ""]

1.d4 d6 2.e4 Nf6 3.Nc3 g6 4.f4 Bg7 5.Nf3 O-O 6.Bd3 Na6 7.O-O
c5 8.d5 Rb8 9.h3 Nc7 10.a4 b6 11.Re1 a6 12.Ne2 b5 13.c3 Bb7 14.Bc2
e6 15.dxe6 fxe6 16.Ng3 Qe7 17.axb5 axb5 18.Be3 Nd7 19.Qe2 d5
20.Rad1 b4 21.cxb4 Ba6 22.Qf2 Rxb4 23.exd5 Nxd5 24.f5 Nxe3 25.Rxe3
Rf6 26.fxg6 hxg6 27.Ne4 Rf8 28.Qg3 Rxb2 29.Qxg6 Qf7 30.Neg5 Qxg6
31.Bxg6 Bb5 32.Nxe6 Bh6 33.Ra3 Rf6 34.Be8 Ne5 35.Nxe5 Bxe8 36.Nxc5
Rf5 37.Rg3+ Kh7 38.Ncd3 Re2 39.Ng4 Bg5 40.Ra1 Bc6 41.Re1 Rxe1+
42.Nxe1 Rb5 43.Rc3 Bb7 44.Nf3 Bf4 45.Nd4 Rb1+ 46.Kf2 Bb8 47.Rb3
Rxb3 48.Nxb3 Ba7+ 49.Kf1 Ba6+ 50.Ke1 Bb7 51.Kf1 Ba6+ 52.Ke1 Bb7
53.g3 Bc8 54.Nd2 Bxg4 55.hxg4 Kg6 56.Nf3 Bb6 57.Kf1 Bc7 58.Kg2
Bd6 59.Kh3 Be7 60.Nh4+ Kg5 61.Nf5 Bf6 62.Nd6 Kg6 63.Kg2 Be5 64.Ne4
Bc7 65.Kh3 Bd8 66.Nc5 Be7 67.Ne6 Kf6 68.Nf4 Kg5 69.Nd5 Bd8 70.Nb4
Be7 71.Nd3 Bd8 72.Ne5 Be7 73.Kg2 Bf6 74.Nd7 Be7 75.Kf3 Bd6 76.Nb6
Bc7 77.Nd5 Bd6 78.Nc3 Kg6 79.Ne4 Bc7 80.Ke3 Be5 81.Kf2 Bc7 82.Kf3
Be5 83.Nf2 Bc7 84.Kg2 Bd6 85.Kh3 Be7 86.Ne4 Bd8 87.Nd2 Bg5 88.Nf3
Bf6 89.Nh4+ Kg5 90.Ng2 Bd8 91.Nf4 Be7 92.Ne6+ Kg6 93.Nd4 Kg5
94.Nf3+ Kg6 95.Nd2 Kg5 96.Ne4+ Kg6 97.Kg2 Bd8 98.Kf3 Bc7 99.g5
Kf5 100.g4+ Kg6 101.Nc5 Bd8 102.Ne6 Bxg5 103.Nxg5 Kxg5 1/2-1/2

[Event "IX Êóáîê Ãóáåðíàòîðà ÕÌÀÎ-Þãðû òóðíèð À"]
[Site "Õàíòû-Ìàíñèéñê, Russia"]
[Date "2013.12.02"]
[Round "5"]
[White "Ñàäóàêàñîâà Äèíàðà"]
[Black "Êîðíååâ Îëåã"]
[Result "0-1"]
[WhiteElo "2357"]
[BlackElo "2637"]
[Annotator ""]
[Source ""]
[Remark ""]

1.d4 d5 2.c4 c6 3.Nf3 Nf6 4.e3 Bf5 5.cxd5 cxd5 6.Qb3 Qc7 7.Bb5+
Nc6 8.Bd2 e6 9.Bb4 Bd6 10.Bxd6 Qxd6 11.Qa3 Ke7 12.Bxc6 bxc6 13.Ne5
Qxa3 14.Nxa3 Rhc8 15.Rc1 Ng4 16.Nxg4 Bxg4 17.Rc5 Rcb8 18.b3 a5
19.Nc2 Bf5 20.Kd2 a4 21.Rb1 axb3 22.axb3 Kd6 23.b4 Ra4 24.b5
cxb5 25.Rbxb5 Rxb5 26.Rxb5 Ra2 27.Rc5 e5 28.Rc3 exd4 29.exd4
h5 30.f3 h4 31.g4 hxg3 32.hxg3 Rxc2+ 33.Rxc2 Bxc2 34.Kxc2 Kc6
35.Kc3 Kb5 36.Kb3 g5 0-1

[Event "IX Êóáîê Ãóáåðíàòîðà ÕÌÀÎ-Þãðû òóðíèð À"]
[Site "Õàíòû-Ìàíñèéñê, Russia"]
[Date "2013.12.02"]
[Round "5"]
[White "Øîìîåâ Àíòîí"]
[Black "Ìàòèíÿí Íèêèòà"]
[Result "1-0"]
[WhiteElo "2560"]
[BlackElo "2481"]
[Annotator ""]
[Source ""]
[Remark ""]

1.d4 Nf6 2.c4 g6 3.Nc3 Bg7 4.e4 d6 5.h3 O-O 6.Be3 e5 7.d5 a5
8.Bd3 Na6 9.Nge2 Nd7 10.a3 f5 11.g4 Ndc5 12.gxf5 gxf5 13.Bc2
Qh4 14.exf5 Bxf5 15.Rg1 Bxc2 16.Qxc2 Qxc4 17.Rg4 e4 18.O-O-O
Nb4 19.axb4 axb4 20.Bxc5 bxc3 21.Ba3 Kh8 22.Rxg7 Kxg7 23.Nxc3
Rf3 24.Nxe4 Qxc2+ 25.Kxc2 Rxh3 26.Bb4 h6 27.Rg1+ Kf7 28.Rg4 Rf3
29.Bd2 h5 30.Ng5+ Kf6 31.Rg1 Rf5 32.Bc3+ Ke7 33.Re1+ Kd7 34.Nh7
Re8 35.Rg1 Re2+ 36.Kb3 Rexf2 37.Rg6 Ke7 38.Ng5 Rxd5 39.Rg7+ Ke8
40.Ne6 Rb5+ 41.Ka3 Rb6 42.Nxc7+ Kf8 43.Rh7 Rf1 44.Ka2 Kg8 45.Rxh5
Kf7 46.Rg5 Kf8 47.Bg7+ Kf7 48.Bd4 Rb4 49.Rg7+ Kf8 50.Ka3 Rc4
51.b3 Rc2 52.Ne6+ Ke8 53.Rxb7 Rf7 54.Rxf7 Kxf7 55.Ng5+ Kg6 56.Ne4
d5 57.Nc5 Rd2 58.Bc3 Rc2 59.Bd4 Rd2 60.Bb2 Kf5 61.b4 Rc2 62.Kb3
Rc4 63.Bc3 Rh4 64.b5 d4 65.Bb2 Ke5 66.Kc4 Rg4 67.Nd3+ Kd6 68.Bxd4
Rg2 69.Be5+ Kd7 70.Nc5+ Kc8 71.Kd5 Rg6 72.Bd6 Rg5+ 73.Kc6 Rg7
74.Na4 Rc7+ 75.Kd5 Rh7 76.Nc5 Rh5+ 77.Be5 Rh6 78.Ne4 Kb7 79.Nd6+
Kb6 80.Bd4+ Kc7 81.b6+ Kd7 82.Nc4 Rh1 83.Be5 Rb1 84.Kc5 Ke6 85.Bd6
Kd7 86.Bf4 Rb3 87.Na5 Ra3 88.Kb5 Ra1 89.b7 Rb1+ 90.Kc5 1-0

[Event "IX Êóáîê Ãóáåðíàòîðà ÕÌÀÎ-Þãðû òóðíèð À"]
[Site "Õàíòû-Ìàíñèéñê, Russia"]
[Date "2013.12.02"]
[Round "5"]
[White "Ñòóêîïèí Àíäðåé"]
[Black "Ñìèðíîâ Àëåêñåé"]
[Result "1-0"]
[WhiteElo "2509"]
[BlackElo "2429"]
[Annotator ""]
[Source ""]
[Remark ""]

1.e4 c5 2.Nf3 d6 3.d4 cxd4 4.Nxd4 Nf6 5.Nc3 a6 6.Be3 e5 7.Nb3
Be6 8.h3 h5 9.f4 Qc7 10.Qd2 Nbd7 11.O-O-O Rc8 12.Kb1 b5 13.Bd3
h4 14.Rhf1 Be7 15.fxe5 Nxe5 16.Bg5 Rh5 17.Bxf6 Bxf6 18.Bxb5+
axb5 19.Nxb5 Qb8 20.Nxd6+ Kf8 21.Nxc8 Qxc8 22.Qa5 Be7 23.Nd4
Bc4 24.Rf5 Rxf5 25.Nxf5 Bf6 26.Qb4+ Kg8 27.Ne7+ Bxe7 28.Qxe7
Nc6 29.Qc5 Ba6 30.b4 Qb7 31.Rd6 Bb5 32.c4 Qe7 33.cxb5 Qxe4+ 34.Kb2
Ne5 35.Rd8+ Kh7 36.Qc2 1-0

[Event "IX Êóáîê Ãóáåðíàòîðà ÕÌÀÎ-Þãðû òóðíèð À"]
[Site "Õàíòû-Ìàíñèéñê, Russia"]
[Date "2013.12.02"]
[Round "5"]
[White "Êàíòåð Ýäóàðä"]
[Black "Áåçãîäîâ Àëåêñåé"]
[Result "1/2-1/2"]
[WhiteElo "2407"]
[BlackElo "2482"]
[Annotator ""]
[Source ""]
[Remark ""]

1.d4 d5 2.c4 e5 3.dxe5 d4 4.Nf3 Nc6 5.a3 Nge7 6.b4 Ng6 7.Bb2
Ncxe5 8.Qxd4 Qxd4 9.Bxd4 Nxc4 10.e3 Nd6 11.Bd3 Bf5 12.Bxf5 Nxf5
13.Bb2 Nfh4 14.Nxh4 Nxh4 15.O-O O-O-O 16.Nc3 Be7 17.Ne4 Rhe8
18.Ng3 Bf8 19.Bd4 Rd5 20.Rfc1 a6 21.Rc4 Ng6 22.Rac1 c6 23.Bb6
Ne5 24.Rd4 Rxd4 25.Bxd4 Kc7 26.f4 Nd7 27.Kf2 g6 28.Kf3 a5 29.Rb1
b6 30.bxa5 bxa5 31.Bc3 Ra8 32.a4 Nb6 33.Be5+ Kb7 34.Ne4 Bb4 35.Nd6+
Ka6 36.Nxf7 Nxa4 37.Bd6 c5 38.e4 Nb6 39.e5 Nc4 40.Ra1 Kb5 41.Be7
a4 42.Nd6+ Nxd6 43.exd6 Kc6 44.Ke4 a3 45.Ra2 Ra4 46.f5 gxf5+
47.Kxf5 Kd7 48.Ke5 c4 49.Kd4 Be1 50.Bg5 Bf2+ 51.Kd5 c3 52.Bc1
Rd4+ 53.Ke5 Bg1 54.Rxa3 Rd1 55.Bg5 c2 56.Rh3 Rxd6 57.Rxh7+ Kc6
58.Rh6 Rxh6 1/2-1/2

[Event "IX Êóáîê Ãóáåðíàòîðà ÕÌÀÎ-Þãðû òóðíèð À"]
[Site "Õàíòû-Ìàíñèéñê, Russia"]
[Date "2013.12.02"]
[Round "5"]
[White "Ãîðäèåâñêèé Äìèòðèé"]
[Black "Þôôà Äàíèèë"]
[Result "1-0"]
[WhiteElo "2448"]
[BlackElo "2368"]
[Annotator ""]
[Source ""]
[Remark ""]

1.d4 Nf6 2.Nc3 d5 3.Bg5 c5 4.Bxf6 gxf6 5.e4 dxe4 6.dxc5 f5 7.Bb5+
Nc6 8.Qh5 e6 9.Nge2 Qf6 10.O-O-O Qg6 11.Qh3 Bxc5 12.f3 exf3 13.Qxf3
Bd7 14.Nd5 O-O-O 15.Qc3 Bd6 16.Nb6+ axb6 17.Rxd6 Qxg2 18.Rhd1
Rhg8 19.Nd4 Qxh2 20.Qa3 Rg1 21.Nxc6 Qf4+ 22.Kb1 Rxd1+ 23.Rxd1
Kc7 24.Nxd8 1-0

[Event "IX Êóáîê Ãóáåðíàòîðà ÕÌÀÎ-Þãðû òóðíèð À"]
[Site "Õàíòû-Ìàíñèéñê, Russia"]
[Date "2013.12.02"]
[Round "5"]
[White "Ãîðÿ÷êèíà Àëåêñàíäðà"]
[Black "Ñàâèöêèé Ñåðãåé"]
[Result "1-0"]
[WhiteElo "2438"]
[BlackElo "2363"]
[Annotator ""]
[Source ""]
[Remark ""]

1.d4 Nf6 2.c4 g6 3.Nc3 Bg7 4.e4 d6 5.f3 O-O 6.Bg5 c5 7.d5 e6
8.Qd2 exd5 9.Nxd5 Nc6 10.Ne2 Be6 11.Nec3 Bxd5 12.cxd5 Nd4 13.Bd3
Rb8 14.O-O b5 15.Rae1 Qb6 16.Be3 Nd7 17.f4 Rfe8 18.Kh1 Qa5 19.Bb1
Nb6 20.Qf2 Nc4 21.f5 Ne5 22.f6 Bf8 23.Qh4 h5 24.Ne2 Nxe2 25.Rxe2
Kh7 26.h3 Bh6 27.Bxh6 Kxh6 28.g4 Rh8 29.Rf5 Kh7 30.Rxh5+ gxh5
31.Qg5 Ng6 32.gxh5 Rbg8 33.e5 Qa4 34.hxg6+ Rxg6 35.Bxg6+ fxg6
36.Rg2 Qe4 37.e6 1-0

[Event "IX Êóáîê Ãóáåðíàòîðà ÕÌÀÎ-Þãðû òóðíèð À"]
[Site "Õàíòû-Ìàíñèéñê, Russia"]
[Date "2013.12.02"]
[Round "5"]
[White "Ïàñèåâ Ðàõèì"]
[Black "Ñàðàíà Àëåêñåé"]
[Result "1/2-1/2"]
[WhiteElo "2405"]
[BlackElo "2261"]
[Annotator ""]
[Source ""]
[Remark ""]

1.Nc3 d5 2.d4 Nf6 3.Bg5 Nbd7 4.f3 c5 5.e4 cxd4 6.Qxd4 e5 7.Qd2
d4 8.Nd5 Be7 9.Bxf6 Bxf6 10.O-O-O O-O 11.Kb1 Nc5 12.Nxf6+ Qxf6
13.Bc4 Be6 14.Bxe6 Qxe6 15.Ne2 a5 16.Nc1 Rfc8 17.Nd3 a4 18.Nb4
a3 19.b3 Na6 20.Nd5 Nc7 21.c4 b5 22.Nxc7 Rxc7 23.cxb5 Rb7 24.Rc1
Rxb5 25.Ka1 Rc8 26.Rxc8+ Qxc8 27.Rc1 Rc5 28.Kb1 g6 29.Rc2 Rxc2
30.Qxc2 Qa6 31.Qc4 Qa5 32.b4 Qa4 33.Kc1 h5 34.Kd2 h4 35.h3 Kg7
36.Qc5 f6 37.f4 exf4 38.Qc7+ Kf8 39.Qd8+ Kf7 40.Qxd4 g5 41.Qd5+
Ke7 42.Qc5+ Kd7 43.Qd5+ Kc7 44.b5 Qb4+ 45.Ke2 Qc3 46.Qe6 Qe3+
47.Kf1 Qd3+ 48.Kf2 Qd2+ 49.Kf1 Qc1+ 50.Ke2 Qc2+ 51.Kf1 Qc5 52.Qa6
Qc1+ 53.Ke2 Qe3+ 54.Kf1 Qc1+ 55.Ke2 Qc2+ 56.Kf3 Qd1+ 57.Kf2 Qd4+
58.Kf3 Qd3+ 59.Kf2 Qd4+ 60.Kf3 Qe3+ 61.Kg4 Qxe4 62.b6+ Kd7 63.Qa7+
Ke6 64.Kh5 g4 65.b7 Qf5+ 66.Kh6 Qg5+ 67.Kh7 Qh5+ 68.Kg7 Qg5+
69.Kh7 Qh5+ 1/2-1/2

[Event "IX Êóáîê Ãóáåðíàòîðà ÕÌÀÎ-Þãðû òóðíèð À"]
[Site "Õàíòû-Ìàíñèéñê, Russia"]
[Date "2013.12.03"]
[Round "6"]
[White "Õèñìàòóëëèí Äåíèñ"]
[Black "Ñþãèðîâ Ñàíàí"]
[Result "1/2-1/2"]
[WhiteElo "2674"]
[BlackElo "2641"]
[Annotator ""]
[Source ""]
[Remark ""]

1.c4 Nf6 2.Nc3 e5 3.Nf3 Nc6 4.g3 Nd4 5.Bg2 Nxf3+ 6.Bxf3 Bb4 7.Qb3
Bc5 8.Na4 Be7 9.O-O O-O 10.d4 exd4 11.Rd1 c5 12.e3 dxe3 13.Bxe3
Qc7 14.Nc3 a6 15.Bg5 d6 16.Bxf6 Bxf6 17.Nd5 Qd8 18.Nb6 Rb8 19.Nxc8
Qxc8 20.Rxd6 b5 21.Re1 bxc4 22.Qxc4 Rxb2 23.Re2 Rxe2 24.Qxe2
a5 25.Ra6 Qd8 26.Kg2 Bc3 27.Ra7 g6 28.h4 Bd4 29.Qb5 Bc3 30.Qe2
Qd6 31.h5 Kg7 32.h6+ Kg8 33.Qc4 Qd2 34.a4 Bb4 35.Qh4 c4 36.Qxc4
Qxh6 37.Bd5 Qg7 38.Qf4 h5 39.Qf3 Bd2 40.Qd3 Bb4 1/2-1/2

[Event "IX Êóáîê Ãóáåðíàòîðà ÕÌÀÎ-Þãðû òóðíèð À"]
[Site "Õàíòû-Ìàíñèéñê, Russia"]
[Date "2013.12.03"]
[Round "6"]
[White "Ìàòëàêîâ Ìàêñèì"]
[Black "Øèìàíîâ Àëåêñàíäð"]
[Result "1/2-1/2"]
[WhiteElo "2700"]
[BlackElo "2650"]
[Annotator ""]
[Source ""]
[Remark ""]

1.d4 Nf6 2.c4 e6 3.g3 d5 4.Nf3 Bb4+ 5.Bd2 Be7 6.Bg2 O-O 7.O-O
c6 8.Qc2 b6 9.Rd1 Nbd7 10.Bf4 Bb7 11.Nc3 dxc4 12.Nd2 Nd5 13.Nxc4
Nxf4 14.gxf4 Qc7 15.e3 Rad8 16.Rd2 Nf6 17.Rad1 c5 18.d5 exd5
19.Nxd5 Bxd5 20.Bxd5 Rxd5 21.Rxd5 Nxd5 22.Rxd5 Rd8 23.Qd3 Rxd5
24.Qxd5 g6 25.a4 Kg7 26.b3 Bf6 27.Kf1 Qe7 28.Ke2 Kf8 29.h3 Qc7
30.Nd2 Kg7 31.Ne4 Qe7 32.Ng5 Bxg5 33.fxg5 h6 34.h4 hxg5 35.hxg5
f6 36.gxf6+ Kxf6 37.Qf3+ Kg7 38.Qd5 Kf6 39.Qf3+ Kg7 40.Qd5 Kf6 1/2-1/2

[Event "IX Êóáîê Ãóáåðíàòîðà ÕÌÀÎ-Þãðû òóðíèð À"]
[Site "Õàíòû-Ìàíñèéñê, Russia"]
[Date "2013.12.03"]
[Round "6"]
[White "Õàéðóëëèí Èëüäàð"]
[Black "Àðòåìüåâ Âëàäèñëàâ"]
[Result "1/2-1/2"]
[WhiteElo "2653"]
[BlackElo "2570"]
[Annotator ""]
[Source ""]
[Remark ""]

1.Nf3 d5 2.d4 Nf6 3.c4 c6 4.e3 Bf5 5.Nc3 e6 6.Nh4 Bg6 7.Nxg6
hxg6 8.Qb3 Qc7 9.h3 Nbd7 10.Bd2 Nb6 11.Rc1 Nxc4 12.Bxc4 dxc4
13.Qxc4 Rd8 14.e4 Be7 15.Rd1 a6 16.Be3 b5 17.Qe2 c5 18.O-O cxd4
19.Rxd4 O-O 20.Rxd8 Rxd8 21.Rc1 Qb8 22.f3 Nh5 23.Rd1 Bd6 24.Qc2
Rc8 25.Qd3 Bh2+ 26.Kf1 Be5 27.Bd4 Kh7 28.Bxe5 Qxe5 29.Qd7 Qc5
30.Ne2 Rc7 31.Qd6 Qa7 32.Rd2 g5 33.Qd4 Qxd4 34.Nxd4 Nf4 35.Ne2
Kg6 36.Kf2 Kf6 37.h4 Nxe2 38.hxg5+ Kxg5 39.Kxe2 Kh4 40.Kf2 g5
41.e5 g4 42.Rd4 Rc2+ 43.Kg1 Rxb2 44.Rxg4+ Kh5 45.a4 b4 46.a5
b3 47.Kh2 Re2 48.Rb4 Rxe5 49.Rxb3 Rxa5 50.Rb7 Kg6 51.Ra7 Ra2
52.Kh3 a5 53.g4 a4 54.Kg3 a3 55.Ra5 Ra1 56.Ra7 Kf6 57.Kg2 Kg6
58.Kg3 a2 59.Kg2 Kg5 60.Ra4 Kf6 61.Ra5 Ke7 62.Ra6 Kd7 63.Ra7+
Kd6 64.Ra6+ Kd5 65.Ra5+ Kd4 66.Ra3 e5 67.Ra4+ Kd3 68.Ra7 Kd4
69.Ra4+ Kd5 70.Ra5+ Ke6 71.Ra6+ Ke7 72.Ra7+ Kf6 73.Ra5 Kg6 74.Ra6+
Kg5 75.Ra5 f6 76.Ra4 1/2-1/2

[Event "IX Êóáîê Ãóáåðíàòîðà ÕÌÀÎ-Þãðû òóðíèð À"]
[Site "Õàíòû-Ìàíñèéñê, Russia"]
[Date "2013.12.03"]
[Round "6"]
[White "Ôåäîñååâ Âëàäèìèð"]
[Black "Ñìèðíîâ Ïàâåë"]
[Result "1-0"]
[WhiteElo "2597"]
[BlackElo "2641"]
[Annotator ""]
[Source ""]
[Remark ""]

1.d4 Nf6 2.Nf3 d5 3.c4 e6 4.Nc3 Bb4 5.Qa4+ Nc6 6.e3 O-O 7.Bd2
dxc4 8.Bxc4 Bd6 9.Nb5 Be7 10.O-O a6 11.Nc3 Bd6 12.Rad1 e5 13.dxe5
Nxe5 14.Be2 b5 15.Qc2 Bb7 16.Nxe5 Bxe5 17.f4 Bd6 18.Bf3 Qc8 19.e4
Re8 20.e5 Bc5+ 21.Kh1 Ng4 22.Bxb7 Qxb7 23.Ne4 Bd4 24.h3 Nh6 25.Ng5
g6 26.f5 Rxe5 27.fxg6 fxg6 28.Bf4 Rd5 29.Ne6 Nf5 30.Nxc7 Rc8
31.Qe4 Rxc7 32.Bxc7 Qc6 33.g4 1-0

[Event "IX Êóáîê Ãóáåðíàòîðà ÕÌÀÎ-Þãðû òóðíèð À"]
[Site "Õàíòû-Ìàíñèéñê, Russia"]
[Date "2013.12.03"]
[Round "6"]
[White "Ôðîëüÿíîâ Äìèòðèé"]
[Black "Ïîíêðàòîâ Ïàâåë"]
[Result "1/2-1/2"]
[WhiteElo "2561"]
[BlackElo "2603"]
[Annotator ""]
[Source ""]
[Remark ""]

1.e4 e6 2.d4 d5 3.Nc3 Nf6 4.e5 Nfd7 5.f4 c5 6.Nf3 Nc6 7.Be3 a6
8.Qd2 b5 9.a3 Qa5 10.Rd1 Rb8 11.dxc5 b4 12.axb4 Rxb4 13.Nxd5
exd5 14.c3 Bxc5 15.Bxc5 Nxc5 16.cxb4 Nxb4 17.Qc3 Bf5 18.Rxd5
Qa1+ 19.Rd1 Qa5 20.Rd5 Qa1+ 21.Rd1 Qa5 1/2-1/2

[Event "IX Êóáîê Ãóáåðíàòîðà ÕÌÀÎ-Þãðû òóðíèð À"]
[Site "Õàíòû-Ìàíñèéñê, Russia"]
[Date "2013.12.03"]
[Round "6"]
[White "Àëåêñååâ Åâãåíèé"]
[Black "Êàáàíîâ Íèêîëàé"]
[Result "1/2-1/2"]
[WhiteElo "2698"]
[BlackElo "2477"]
[Annotator ""]
[Source ""]
[Remark ""]

1.e4 c6 2.d4 d5 3.e5 Bf5 4.Nd2 a6 5.Nb3 e6 6.Nf3 Nd7 7.Be2 c5
8.dxc5 Bxc5 9.Nxc5 Nxc5 10.Nd4 Be4 11.O-O Ne7 12.Re1 Rc8 13.c3
Qc7 14.Bf1 O-O 15.Bf4 Qb6 16.Qd2 Bg6 17.Rad1 Na4 18.Nb3 Nc6 19.Be3
Qc7 20.Bf4 Rfd8 21.Qe2 Na5 22.Nxa5 Qxa5 23.Be3 Rc6 24.Bd4 b5
25.Qd2 Rb8 26.Re3 Qc7 27.b3 Nc5 28.f3 Nd7 29.Qf2 b4 30.cxb4 Rxb4
31.Qe1 Rb8 32.Rc3 Rxc3 33.Qxc3 Qxc3 34.Bxc3 Rc8 35.Bd4 Nb8 36.b4
Rc2 37.a3 h5 38.Bc5 Ra2 39.Bd6 Nd7 40.Bxa6 Rxa3 41.Bf1 Nb6 42.Rc1
Ra2 43.b5 Rb2 44.Bc5 Nc4 45.Bxc4 dxc4 46.b6 Bd3 47.Bd4 Rb5 48.Kf2
f6 49.f4 fxe5 50.fxe5 Be4 51.Rxc4 Bd5 52.Rc2 Rb3 53.Rb2 Rxb2+
54.Bxb2 Kf7 55.g3 1/2-1/2

[Event "IX Êóáîê Ãóáåðíàòîðà ÕÌÀÎ-Þãðû òóðíèð À"]
[Site "Õàíòû-Ìàíñèéñê, Russia"]
[Date "2013.12.03"]
[Round "6"]
[White "Äâîéðèñ Ñåìåí"]
[Black "Ëûñûé Èãîðü"]
[Result "0-1"]
[WhiteElo "2562"]
[BlackElo "2666"]
[Annotator ""]
[Source ""]
[Remark ""]

1.e4 e6 2.d4 d5 3.e5 c5 4.c3 Nc6 5.Nf3 Bd7 6.Be2 Nge7 7.Na3 cxd4
8.cxd4 Nf5 9.Nc2 Qb6 10.O-O Rc8 11.Bd3 Nb4 12.Nxb4 Bxb4 13.Kh1
Be7 14.g4 Nh4 15.Nxh4 Bxh4 16.Be3 Be7 17.Qe2 O-O 18.f4 f6 19.exf6
Bxf6 20.g5 Bxd4 21.Bxh7+ Kxh7 22.Qd3+ Rf5 23.Bxd4 Qb4 24.g6+
Kg8 25.Rad1 Rh5 26.Qe2 Rh4 27.Qe5 Qe7 28.Rc1 Bc6 29.Rce1 Rf8
30.Re3 Rg4 31.Rg3 Rh4 32.Rg5 Rh6 33.b4 Rf6 34.f5 Qxb4 35.Qe3
Rh4 36.Rd1 Re4 37.Qf2 e5 38.Bxa7 Rg4 0-1

[Event "IX Êóáîê Ãóáåðíàòîðà ÕÌÀÎ-Þãðû òóðíèð À"]
[Site "Õàíòû-Ìàíñèéñê, Russia"]
[Date "2013.12.03"]
[Round "6"]
[White "Øèíêåâè÷ Âèòàëèé"]
[Black "Ìàëåòèí Ïàâåë"]
[Result "1/2-1/2"]
[WhiteElo "2468"]
[BlackElo "2598"]
[Annotator ""]
[Source ""]
[Remark ""]

1.d4 Nf6 2.c4 e6 3.Nf3 Bb4+ 4.Nbd2 O-O 5.a3 Be7 6.e4 d6 7.Be2
Nbd7 8.O-O e5 9.dxe5 Nxe5 10.Nd4 c6 11.b3 Re8 12.Bb2 Bf8 13.Qc2
a6 14.Rad1 b5 15.Rfe1 Qb6 16.h3 g6 17.cxb5 cxb5 18.Bf1 Bb7 19.Qb1
Bg7 20.Qa1 Rac8 21.a4 bxa4 22.Qxa4 Nfd7 23.b4 Red8 24.Ba1 d5
25.exd5 Bxd5 26.Qxa6 Qxb4 27.Qb5 Qd6 28.Ne4 Bxe4 29.Rxe4 Nf8
30.Ree1 Qc7 31.Qa4 Ra8 32.Qc2 Qb6 33.Rb1 Qf6 34.Ne2 Rxa1 35.Rxa1
Nd3 36.Ng3 Nxe1 37.Rxe1 Qf4 38.Ne4 Ne6 39.Qc1 Qxc1 40.Rxc1 Bd4 1/2-1/2

[Event "IX Êóáîê Ãóáåðíàòîðà ÕÌÀÎ-Þãðû òóðíèð À"]
[Site "Õàíòû-Ìàíñèéñê, Russia"]
[Date "2013.12.03"]
[Round "6"]
[White "Êîðíååâ Îëåã"]
[Black "Ãîãàíîâ Àëåêñåé"]
[Result "1/2-1/2"]
[WhiteElo "2637"]
[BlackElo "2581"]
[Annotator ""]
[Source ""]
[Remark ""]

1.e4 c6 2.d4 d5 3.e5 c5 4.dxc5 Nc6 5.Nf3 Bg4 6.c3 e6 7.Be3 a6
8.Nbd2 Nxe5 9.Be2 Nxf3+ 10.Nxf3 Nf6 11.h3 Bf5 12.Ne5 Nd7 13.Qa4
Bc2 14.Qxd7+ Qxd7 15.Nxd7 Kxd7 16.c4 dxc4 17.Bxc4 Kc6 18.Rc1
Be4 19.O-O Be7 20.a4 Bd5 21.Bxd5+ exd5 22.b4 Bf6 23.Rfd1 Rhd8
24.b5+ axb5 25.axb5+ Kxb5 26.Rb1+ Kc4 27.Rbc1+ Kb5 28.Rb1+ Kc4
29.Rbc1+ Kb5 1/2-1/2

[Event "IX Êóáîê Ãóáåðíàòîðà ÕÌÀÎ-Þãðû òóðíèð À"]
[Site "Õàíòû-Ìàíñèéñê, Russia"]
[Date "2013.12.03"]
[Round "6"]
[White "Îíèùóê Âëàäèìèð"]
[Black "Ñòóêîïèí Àíäðåé"]
[Result "1-0"]
[WhiteElo "2591"]
[BlackElo "2509"]
[Annotator ""]
[Source ""]
[Remark ""]

1.e4 c5 2.Nf3 Nc6 3.Bb5 d6 4.Bxc6+ bxc6 5.O-O e5 6.c3 f5 7.d4
fxe4 8.Ng5 d5 9.dxe5 Be7 10.Qa4 Qb6 11.c4 Qa6 12.Qb3 Bxg5 13.Bxg5
h6 14.Bh4 g5 15.cxd5 gxh4 16.d6 Qb5 17.Qe3 Qd3 18.Qxc5 Qd5 19.Qxd5
cxd5 20.Nc3 Bb7 21.Nb5 Rh7 22.Rfc1 Rd8 23.Rc5 a6 24.Nd4 h3 25.f4
exf3 26.gxf3 Rg7+ 27.Kf2 Rg2+ 28.Ke3 Rxh2 29.Rc7 Bc8 30.Rg1 Rg2
31.Rxg2 hxg2 32.Rg7 Kf8 33.Rxg2 Re8 34.Kf4 Bh3 35.Rc2 Rc8 36.Rxc8+
Bxc8 37.e6 Bxe6 38.Nxe6+ Ke8 39.Ke5 Kd7 40.Nc5+ Kd8 41.Ke6 1-0

[Event "IX Êóáîê Ãóáåðíàòîðà ÕÌÀÎ-Þãðû òóðíèð À"]
[Site "Õàíòû-Ìàíñèéñê, Russia"]
[Date "2013.12.03"]
[Round "6"]
[White "Øàðèÿçäàíîâ Àíäðåé"]
[Black "Àëåêñàíäðîâ Àëåêñåé"]
[Result "1/2-1/2"]
[WhiteElo "2572"]
[BlackElo "2586"]
[Annotator ""]
[Source ""]
[Remark ""]

1.d4 Nf6 2.c4 e6 3.Nc3 Bb4 4.Qc2 O-O 5.Nf3 d5 6.a3 Bxc3+ 7.Qxc3
dxc4 8.Qxc4 b6 9.Bg5 Ba6 10.Qa4 c5 11.dxc5 bxc5 12.Rd1 Qb6 13.Bxf6
gxf6 14.Rd2 Nc6 15.Qg4+ Kh8 16.Qh4 Kg7 17.Qg4+ Kh8 18.Qh4 Kg7
19.Qg4+ Kh8 1/2-1/2

[Event "IX Êóáîê Ãóáåðíàòîðà ÕÌÀÎ-Þãðû òóðíèð À"]
[Site "Õàíòû-Ìàíñèéñê, Russia"]
[Date "2013.12.03"]
[Round "6"]
[White "Ãîðÿ÷êèíà Àëåêñàíäðà"]
[Black "Ñàâ÷åíêî Áîðèñ"]
[Result "1-0"]
[WhiteElo "2438"]
[BlackElo "2602"]
[Annotator ""]
[Source ""]
[Remark ""]

1.d4 Nf6 2.c4 e6 3.Nf3 c5 4.d5 b5 5.Bg5 b4 6.e4 d6 7.Bd3 Nbd7
8.dxe6 fxe6 9.e5 dxe5 10.O-O g6 11.Be4 Rb8 12.Bc6 Rb6 13.Bxd7+
Bxd7 14.Nxe5 Be7 15.Nd2 Qc7 16.Re1 Bc8 17.Qc2 Rg8 18.Rad1 Rd6
19.Ndf3 Kf8 20.Bh6+ Ke8 21.Qa4+ Bd7 22.Nxd7 Qxd7 23.Qc2 Qc8 24.Ne5
Qa6 25.Bg5 Nd7 26.Rxd6 Qxd6 27.Nf3 Rf8 28.Qe4 Kf7 29.Qh4 h5 30.Bxe7
Qxe7 31.Ng5+ Kg8 32.Rxe6 Qg7 33.Qe4 Nf6 34.Qe2 Qd7 35.h4 Re8
36.Rxe8+ Nxe8 37.Qe4 Qd1+ 38.Kh2 Qd6+ 39.g3 Nc7 40.Qb7 Qf8 41.Kg1
Ne8 42.Qh7# 1-0